000 00347pab a2200145 454500
008 180718b1988 xxu||||| |||| 00| 0 eng d
100 _aSarkar, Subash Chandra
245 _aWhy public sector is not succeeding ?
260 _c1988
300 _a5-8
362 _a16 Jan.
650 _aGovernment Enterprise
773 _aCommerce
909 _a9179
999 _c9179
_d9179